000 01046 a2200229 4500
005 20260410155358.0
008 260410b |||||||| |||| 00| 0 eng d
020 _a9789395817349 (pbk)
037 _cTB
040 _aCRL
_cCRL
041 _2hin
_ahin
084 _aO11195,1:g 152R5
_qCRL
100 _aचौधुरी, इन्द्र नाथ
_9862946
245 _aपाश्चात्य काव्यशास्त्र का संक्षिप्त विवेचन
260 _aनई दिल्ली, भारत:
_bसस्ता साहित्य मण्डल प्रकाशन,
_c2025.
300 _a251पृ.
365 _b400.00
_cINR
650 _aहिन्दी साहित्य
650 _aपाश्चात्य काव्य
_91234384
942 _cTB
_2CC
_hO11195,1:g 152R5
999 _c1467275
_d1467275